Marc jurídic del medi ambient industrial als municipis : jornada 1 jornada 1
Descripción Física:
[31] f. ; 29 cm
MARC
| LEADER | 00000nam a2200000Ia 4500 | ||
|---|---|---|---|
| 001 | 23560 | ||
| 008 | 160829s1998 xx 000 0 cat d | ||
| 080 | |a C-3-399 | ||
| 111 | |a Jornades sobre Medi Ambient Industrial |n (1es : |d 1998 : |c Barcelona, Catalunya) |9 54405 | ||
| 245 | |a Marc jurídic del medi ambient industrial als municipis : |b jornada 1 | ||
| 260 | |a Barcelona : |b Diputació de Barcelona. Àrea de Medi Ambient. Servei de Medi Ambient, |c 1998 | ||
| 300 | |a [31] f. ; |c 29 cm | ||
| 590 | |a Jornada celebrada el dia 26 de febrer de 1998. | ||
| 650 | 0 | |a Dret ambiental |9 49970 | |
| 650 | 0 | |a Dret ambiental |x Legislació |9 49036 | |
| 650 | 0 | |a Municipis |x Govern i administració |9 22275 | |
| 650 | 0 | |a Congressos i conferències |9 48301 | |
| 710 | 1 | |a Barcelona (Catalunya : Província). |b Servei de Medi Ambient |9 53475 | |
| 901 | |a Arxiu | ||
| 942 | |n 1 |2 udc | ||
| 952 | |0 0 |1 0 |4 0 |6 C3399 |7 1 |9 55010 |a Arxiu |b Arxiu |d 2012-08-08 |l 0 |o C-3-399 |p 23560 |r 2016-12-01 00:00:00 |w 2016-12-01 |y ARXIU | ||
| 999 | |c 58880 |d 58880 | ||